000 00388nam a2200133 a 4500
001 000031529
005 20200930063008.0
008 110627s19uu dr 000 0 spa d
040 _aDO-SdBNP
_bspa
_cBNPHU
082 _axxxx
_bT595p
245 0 0 _aTipos de mi pueblo y cosas de la costa.
260 _a[Ciudad Trujillo, República Dominicana :
_bs.n.,
_c19--? ].
300 _a116 p. ;
_c17 cm.
999 _c31021
_d31021